Normal view
MARC view
- Advisor Dr. Farooque Azam
Entry Personal Name
001 - CONTROL NUMBER
- control field: 69362
003 - CONTROL NUMBER IDENTIFIER
- control field: NUST
005 - DATE AND TIME OF LATEST TRANSACTION
- control field: 20210628204224.0
008 - FIXED-LENGTH DATA ELEMENTS
- fixed length control field: 210628|| aca||aabn | a|a d
040 ## - CATALOGING SOURCE
- Original cataloging agency: NUST
- Transcribing agency: NUST
100 ## - HEADING--PERSONAL NAME
- Personal name: Advisor Dr. Farooque Azam
670 ## - SOURCE DATA FOUND
- Source citation: Work cat.: (NUST): Bilal Maqbool 31402, TH-SOF-1593-A Novel Framework to Generate Business Process Model and Notation (BPMN) Models for Real-time Systems from Plain Text Requirements, 2018
